| 000 | 00344 a2200157 4500 | ||
|---|---|---|---|
| 001 | 44239 | ||
| 020 | _a8575035193 | ||
| 040 | _cAnchieta - Aquarius | ||
| 100 | _aBridwell, Norman | ||
| 240 | 1 | 0 |
_aClifford no circo _lpor |
| 245 | 1 | 0 | _aClifford no circo |
| 300 | _a32 | ||
| 362 | 0 | _a2006 | |
| 650 | 4 | _aLiteratura infanto-juvenil | |
| 942 | _cBK | ||
| 999 |
_c44239 _d44239 |
||